01482nam a22003737a 4500003000400000005001700004008004100021040002200062082001500084130002400099245006800123260002600191300001800217490000900235505004500244505003600289505002700325505004500352505007500397505005800472505004300530505003300573505006800606505004000674505005900714505006600773505001300839505002000852650004200872650005100914650004900965650004401014651005001058OSt20230817113122.0221006b |||||||| |||| 00| 0 eng d cBiblioteca Lado V a305bM953m aMujer/Fempresslspa aMujer/Fempress/bRed de comunicación alternativa de la mujer/ bFEMPRESSc1998aChile c22x31cma29p. v1998 aSe nos cae la cara de vergüenzatCHILE aCosechas BeijingtINTERNACIONAL aEntre dos fuegostPERU aCalidad de atención en saludtCOLOMBIA aPropuestas para un nuevo diseño de políticas públicastARGENTINA aLa apertura petrolera afecta a indígenastVENEZUELA aUn parche para la equidadtPUERTO RICO aUn adiós a ZitatARGENTINA aComisaria del Parlamento Europeo moviliza el continentetEUROPA a¿Espejismo o Realidad?tCOSTA RICA aUn proyecto de vivienda para jefas de familiatURUGUAY aEscasa participación política Las tres ManuelastECUADOR aRECORTES aCOMUNICANDONOS  2Tesauro de Arte & ArquitecturaaMUJER 2Tesauro de Arte & ArquitecturaaCOMUNICACIÓN 2Tesauro de Arte & ArquitecturaaRED FEMENINA 2Tesauro de Arte & ArquitecturaaCULTURA 2Tesauro de Arte & ArquitecturaaINTERNACIONAL